01023nam a2200241 a 4500001001000000003000500010005001700015008004100032010001100073011001100084040000900095100003700104245020300141260004100344500006000385502009000445650004600535650002200581650004100603650002900644700003800673856007000711000110983CHAP20220329144153.0141104s2014 mx a |sm |||||||spa d a107445 a108417 cCHAP1 aRamírez Díaz, José Antonio10aDescripción y analisis de pre-factibilidad de vino rosado, producto "tipo" AOC Cötes Provence, en Queretaroh[En línea]cpor José Antonio Ramírez Díaz y Roberto Manuel Robles González. aChapingo, Méx. :bEl autor,c2014. aPara ver el contenido del material haga clic en la liga aTesis (Ingeniero Agroindustrial) -- UACH. Departamento de Ingeniería Agroindustrial14aAgriculturaxInnovaciones tecnológicas.14aVidxRendimiento.14aVino rosadoxCostos de producción.14aVinoxNormas de calidad.1 aRobles González, Roberto Manuel aFinding aiduhttp://10.13.5.2/tesis/sist110983.pdfzTeclea aquí